Statistics for 2020 Olympic Sports

Click here to take the quiz!

General Stats

  • This quiz has been taken 129 times
  • The average score is 21 of 36

Answer Stats

Sport% Correct
Swimming
91%
Football
84%
Basketball
83%
Tennis
81%
Volleyball
77%
Gymnastics
74%
Athletics
73%
Judo
72%
Baseball/Softball
69%
Diving
68%
Wrestling
67%
Badminton
65%
Cycling
65%
Table tennis
65%
Karate
64%
Boxing
63%
Archery
62%
Shooting
61%
Golf
59%
Handball
59%
Rowing
59%
Weightlifting
57%
Sailing
56%
Fencing
54%
Equestrian
53%
Rugby Sevens
53%
Canoeing
50%
Taekwondo
50%
Field Hockey
47%
Water Polo
47%
Triathlon
46%
Skateboarding
41%
Surfing
41%
Modern Pentathlon
35%
Sport Climbing
35%
Synchronized Swimming
14%

Score Distribution

Percentile by Number Answered

Percent of People with Each Score

Your Score History

You have not taken this quiz